000 01469naa a22003017a 4500
001 BR8500083
003 BR-BrBNA
005 20240918175504.0
007 ta
008 230509b bl.||||| |||| 00| 0 por d
040 _aBR-BrBNA
_bpor
_cBiblioteca Nacional de Agricultura
041 _a(Pt)
072 _aF00
_b0334
_bG514
090 _aF00 BR8500083
100 1 _aBonetti, L.P.
100 1 _aTragnago, J.L.
111 1 _aReuniao Anual de Programacao de Pesquisa e de Assistencia Tecnica da Colza
_cPelotas, RS (Brazil)
_d3-5 Apr 1984
245 1 _aAvaliacao de cultivares de colza em diferentes epocas de semeadura [Brassica napus, Brasil]
246 1 _aEvaluation of rapeseed cultivars in different seeding periods [Brassica napus, Brazil]
246 1 _a[Contribution from the Experiment and Research Center to the Annual Meeting of Rapeseed Research Programming and Technical Assistance]
260 3 _aPelotas, RS (Brasil):
_c1984.
500 _aContribuicao do Centro de Experimentacao e Pesquisa a Reuniao Anual de Programacao de Pesquisa e de Assistencia Tecnica da Colza - 1984 Pelotas, RS (Brasil): 1984. p. 7-16 (BR8500083-AM)F00
650 _aCOLZA
650 _aSEMEADURA
773 0 _tContribuicao do Centro de Experimentacao e Pesquisa a Reuniao Anual de Programacao de Pesquisa e de Assistencia Tecnica da Colza - 1984
_wF00 BR8500083
_gPelotas, RS (Brasil), 1984. p. 7-16
909 _a202404
_bLucia
_c55
_dLucia Elande
942 _cAM
_2AGRIS
999 _c316963
_d316963